000 00332 a2200109 4500
001 ART_10005
005 20260410161839.0
008 260409a
245 1 0 _aEl riesgo en la empresa agropecuaria
100 1 _aGallacher, Marcos
773 0 _tContabilidad y administración
_g- Año 7, Nº 78 (dic. 1983)
_wREV5485
999 _c23952
_d23952